000 00868 a2200217 4500
008 240605b mp ||||| |||| 00| 0 mon d
020 _a978-99962-0-744-0
035 _a2797
040 _aHE0623081
_bmon
_cMN-UlNLM
_dMN-UlNLM
_erda
041 _amon
042 _a4069
084 _2NNA
_a63.3-7
_bД.893
245 0 _aДэлхийн түүхийг бүтээсэн 100 хүн
264 _aУБ.
_bМонсудар хэвлэлийн газар
_c2012
300 _a128х.
336 _2rdacontent
_atext
_btxt
337 _2rdamedia
_aunmediated
_bn
338 _2rdacarrier
_avolume
_bnc
650 _aЭнэхүү ном нь тухайн хүмүүсийн бодит амьдралын түүхээр дүүрэн юм.Энэ бол Аристотелиос эхлээд Марк Зьюкерберг, Мари Кюри хүртэлх ...
942 _2NNA
_cBK
999 _c875310
_d875367